Power Industry in Albania and its Way Through the Reform to Market Economies
Salvato in:
| Autore principale: | |
|---|---|
| Natura: | Libro |
| Lingua: | inglese |
| Pubblicazione: |
Vienna
Institute for Advanced Studies
1994
|
| Edizione: | 1. ed. |
| Soggetti: | |
| Tags: |
Nessun Tag, puoi essere il primo ad aggiungerne!!
|
MARC
| LEADER | 00000nam a2200000 4500 | ||
|---|---|---|---|
| 001 | c005485 | ||
| 005 | 20221205140929.6 | ||
| 041 | 0 | |a eng | |
| 044 | |a AT | ||
| 245 | 1 | 0 | |a Power Industry in Albania and its Way Through the Reform to Market Economies |c Edmond Leka |
| 250 | |a 1. ed. | ||
| 264 | 1 | |a Vienna |b Institute for Advanced Studies |c 1994 | |
| 300 | |a 39 s. | ||
| 610 | 2 | 0 | |a Albánsko |
| 610 | 2 | 0 | |a hospodárstvo trhové |
| 610 | 2 | 0 | |a energetika |
| 610 | 2 | 0 | |a reformy hospodárske |
| 610 | 2 | 0 | |a reformy štruktúrne |
| 610 | 2 | 0 | |a vývoj hospodársky |
| 100 | 1 | |a Leka, Edmond | |